The Crab nebula (Record no. 3831)

MARC details
000 -LEADER
fixed length control field 00671nam a2200229Ia 4500
003 - CONTROL NUMBER IDENTIFIER
control field IN-BaIIA
008 - FIXED-LENGTH DATA ELEMENTS--GENERAL INFORMATION
fixed length control field 211028s9999 xx 000 0 eng d
020 ## - INTERNATIONAL STANDARD BOOK NUMBER
International Standard Book Number 90-277-0183-0
040 ## - CATALOGING SOURCE
Transcribing agency IIA Library
080 ## - UNIVERSAL DECIMAL CLASSIFICATION NUMBER
Universal Decimal Classification number 082.2:52
Item number IAU-S46
245 #4 - TITLE STATEMENT
Title The Crab nebula
Statement of responsibility, etc. edited by R. D. Davies and F. G. Smith
260 ## - PUBLICATION, DISTRIBUTION, ETC.
Place of publication, distribution, etc. Dordrecht
Name of publisher, distributor, etc. D. Reidel Publishing
Date of publication, distribution, etc. 1971
300 ## - PHYSICAL DESCRIPTION
Extent xix, 470p.
490 ## - SERIES STATEMENT
Series statement IAU Symposium; no. 46
650 ## - SUBJECT ADDED ENTRY--TOPICAL TERM
Topical term or geographic name entry element Crab nebula
9 (RLIN) 6812
650 ## - SUBJECT ADDED ENTRY--TOPICAL TERM
Topical term or geographic name entry element Emission nebulae
9 (RLIN) 6813
650 ## - SUBJECT ADDED ENTRY--TOPICAL TERM
Topical term or geographic name entry element Nebulae
9 (RLIN) 976
700 ## - ADDED ENTRY--PERSONAL NAME
Personal name Davies, R. D., ed.
9 (RLIN) 4198
700 ## - ADDED ENTRY--PERSONAL NAME
Personal name Graham-Smith, Francis., ed.
9 (RLIN) 6814
710 ## - ADDED ENTRY--CORPORATE NAME
Corporate name or jurisdiction name as entry element International Astronomical Union
942 ## - ADDED ENTRY ELEMENTS (KOHA)
Koha item type Books
Holdings
Withdrawn status Lost status Damaged status Not for loan Home library Current library Shelving location Date acquired Total Checkouts Full call number Barcode Date last seen Price effective from Koha item type Purchase Price
        IIA Library-Bangalore IIA Library-Bangalore General Stacks 18/11/1971   082.2:52/ IAU-S46 4281 05/11/2021 18/11/1971 Books Free

Powered by Koha